| 000 | 00768nam a22002057a 4500 | ||
|---|---|---|---|
| 008 | 160302b xxu||||| |||| 00| 0 eng d | ||
| 020 | _a978-1-4665-1384-6 | ||
| 082 |
_22014 _aDC 614.1 _bSo73 |
||
| 100 |
_93288 _aSozer, Amanda C. |
||
| 245 |
_aDNA analysis for missing person identification in mass fatalities/ _cAmanda C. Sozer. |
||
| 260 |
_aBoca Raton, FL: _bCRC Press, Talor & Francis Group, _c©2014. |
||
| 300 |
_axix, 296 pages: _billustrations (some colored) _c25 cm. |
||
| 500 | _aIncludes bibliographical references and index. | ||
| 650 | 0 |
_93289 _aDead _xIdentification |
|
| 650 | 0 |
_93290 _aMissing persons _xIdentification |
|
| 650 | 0 |
_93291 _aMass casualties _xManagement |
|
| 650 | 0 |
_93292 _aForensic pathology |
|
| 365 |
_b9,995.00 _cPhp |
||
| 942 |
_2ddc _cDC |
||
| 999 |
_c1165 _d1165 |
||